|
|
|
|
| LEADER |
01515nam a2200421 a 4500 |
| 001 |
nkc20112177920 |
| 003 |
CZ PrNK |
| 005 |
20110713094103.0 |
| 007 |
ta |
| 008 |
110411s2011 xr a f 000 0 cze |
| 015 |
|
|
|a cnb002177920
|
| 020 |
|
|
|a 978-80-7204-722-2
|q (brož.)
|
| 035 |
|
|
|a (OCoLC)724299991
|
| 040 |
|
|
|a BOA001
|b cze
|
| 072 |
|
7 |
|a 621
|x Strojírenství
|2 Konspekt
|9 19
|
| 080 |
|
|
|a 621.9
|2 MRF
|
| 080 |
|
|
|a (048.8)
|2 MRF
|
| 100 |
1 |
|
|a Kocman, Karel,
|d 1937-
|7 jn20000710227
|4 aut
|
| 245 |
1 |
0 |
|a Technologické procesy obrábění /
|c Karel Kocman
|
| 246 |
3 |
0 |
|a Obrábění
|
| 250 |
|
|
|a Vyd. 1.
|
| 260 |
|
|
|a Brno :
|b Akademické nakladatelství CERM,
|c 2011
|
| 300 |
|
|
|a 330 s. :
|b il. ;
|c 26 cm
|
| 500 |
|
|
|a Pod názvem: Univerzita Tomáše Bati, Fakulta technologická, Ústav výrobního inženýrství
|
| 500 |
|
|
|a Terminologický slovník
|
| 504 |
|
|
|a Obsahuje bibliografii
|
| 650 |
0 |
7 |
|a obrábění
|7 ph123613
|2 czenas
|
| 650 |
0 |
9 |
|a machining
|2 eczenas
|
| 655 |
|
7 |
|a monografie
|7 fd132842
|2 czenas
|
| 655 |
|
9 |
|a monographs
|2 eczenas
|
| 710 |
2 |
|
|a Univerzita Tomáše Bati ve Zlíně.
|b Ústav výrobního inženýrství
|7 kn20020321115
|
| 910 |
2 |
|
|a BOA001
|b 2-1265.302
|
| 928 |
9 |
|
|a CERM
|
| 990 |
|
|
|a BK
|
| 995 |
|
|
|a 01
|
| 991 |
|
|
|b 201104
|c NOV
|j 621 KOC
|e n
|
| 996 |
6 |
|
|b 2610476086
|c 2-1265.302
|l MZK
|r Sklad / do 1 hodiny
|n 14
|p p.v.
|w 001175778
|u 000010
|a 1
|e BOA001
|j MZK50
|s P
|
| 996 |
7 |
|
|b 2610476087
|c 2-1265.302
|l Vol.výběr
|r VV 1p
|n 44
|p p.v.
|h 621 KOC
|w 001175778
|u 000020
|a 0
|e BOA001
|j MZK50
|s A
|